=LDR 00000nam 2200000 4500 =001 INLIS000000000040666 =005 20210428082254 =035 ##$$a 0010-061300000040666 =008 210428################g##########0#ind## =041 ##$$a Ind =082 ##$$a 338.62 =090 ##$$a 338.62 , Exc e =245 ##$$a Excellent people excellent business : $b Pemikiran strategik mengenai human capital Indonesia /$c Forum HCI BUNM; editor, Andry Kristiawan =260 ##$$a Jakarta :$b Gramedia Pustaka Utama,$c 2007 =300 ##$$a ix, , 121 hlm , : $b ilus. ; $c 24 x 19 cm. =650 #4$$a BADAN USAHA MILIK NEGARA =850 ##$$a NBPNMAT =020 ##$$a 978-979-22-3281-3 =084 ##$$a 338.62 EXC e =700 #$$a Forum HCI BUNM =700 #$$a Andry Kristiawan =990 ##$$a 21105906 =990 ##$$a 21105907 =990 ##$$a 21105908 =990 ##$$a 21105909